000 00892nas a2200265 4500
001 BR2013006317
003 BR-BrBNA
005 20231205122754.0
007 ta
008 230509b bl.|||p| |||| 00| 00por d
040 _aBR-BrBNA
_bpor
_cBiblioteca Nacional de Agricultura
041 _a(Pt)
072 _aP36
100 1 _aRicci, A.B.
100 1 _aPadovani, V.C.R.
100 1 _aPaula Júnior, D.R. de
245 1 _aUso de lodo de esgoto estabilizado em um solo decapitado. II - Atributos químicos e revegetação
650 _aRECUPERAÇÃO DO SOLO
650 _aREFLORESTAMENTO
650 _aLODO RESIDUAL
773 0 _tRevista Brasileira de Ciência do Solo (Brazil)
_xISSN 0100-0683
_g(Mar-Apr 2010), v. 34(2) p. 543-551
_wBR2013006317
856 4 0 _uhttp://www.scielo.br/pdf/rbcs/v34n2/v34n2a28.pdf
909 _a202311
_bLúcia
_c55
_dLúcia Elande
942 _2AGRIS
_n0
_cANA
999 _c230475
_d230475